The Americas Geography By Letter B - Picture Quiz - Statistics

General Stats
  • This quiz has been taken 1,044 times
  • The average score is 12 of 18
Answer Stats
Picture Hint Answer % Correct
{Bermuda} Triangle
99%
Brazil
99%
(peninsula) Baja California
96%
(animal) Bison
95%
(country) Bolivia
89%
(city) Boston
89%
(country) Bahamas
88%
Antigua and {Barbuda}
87%
{Bering} Strait
85%
{Brooklyn} Bridge
75%
(island) Baffin
68%
(province) British Columbia
58%
(city) Bogota
48%
(city) Buenos Aires
43%
(island) Bonaire
29%
{Brazos} River
23%
{Beaufort} Sea
21%
Mount {Baker}
8%
No matching quizzes found
Score Distribution
Percent of People with Each Score
Percentile by Number Answered
Your Score History
You have not taken this quiz